00550nam a2200229Ia 450000500170000000800460001702000180006303700100008104000080009104000080009904000080010704100080011504100080012308400080013110000180013924500650015726000230022226000090024536500050025436500080025985600530026720260324131857.0008 260324s9999 xx 000 0 eng d a9781315040578 aEBOOK aCRL beng cCRL 2eng aeng qCRL aVictor Vegoda 4aThe Role of the Third Surveyor under the Party Wall Act 1996 bTaylor and Francis c2005 a b385 uhttp://www.taylorfrancis.com/books/9781315040578